| 000 | 00813nam a22002655i 4500 | ||
|---|---|---|---|
| 001 | SSB005626 | ||
| 005 | 20140929090055.0 | ||
| 008 | 130814s2014 cau 000 0 eng | ||
| 010 | _a2013947930 | ||
| 020 | _a9781446280768 (pbk. : alk. paper) | ||
| 040 |
_aDLC _beng _erda _cDLC |
||
| 042 | _apcc | ||
| 050 |
_aLB 1555 _b.P942 2014 |
||
| 245 | 1 | 0 |
_aProfessional studies in primary education / _cedited by Hilary Cooper. |
| 250 | _a2nd edition. | ||
| 260 |
_aLondon : _bSAGE Publication Ltd., _cc2014. |
||
| 263 | _a1403. | ||
| 300 |
_axviii, 381 pages : _c23 cm. |
||
| 504 | _aIncludes bibliographical references and index. | ||
| 650 | _aPrimary education. | ||
| 650 |
_aEducation _xElementary. |
||
| 650 | _aElementary school teaching. | ||
| 700 | 1 | _aCooper, Hilary. | |
| 942 |
_2lcc _cBK _kFOR |
||
| 999 |
_c275916 _d275916 |
||